Central Library OPAC University of Rajshahi

The Crusades : (Record no. 13615)

MARC details
000 -LEADER
fixed length control field 01256cam a2200325 a 4500
001 - CONTROL NUMBER
control field 13615
003 - CONTROL NUMBER IDENTIFIER
rucl marc code BD-RjUL
005 - DATE AND TIME OF LATEST TRANSACTION
control field 20211208235501.0
008 - FIXED-LENGTH DATA ELEMENTS--GENERAL INFORMATION
fixed length control field 050707r20052004enkab b 001 0 eng
020 ## - INTERNATIONAL STANDARD BOOK NUMBER
International Standard Book Number 9780192806550
International Standard Book Number 0192806556 (alk. paper)
035 ## - SYSTEM CONTROL NUMBER
System control number (BD-RjUL)13667
040 ## - CATALOGING SOURCE
Original cataloging agency DLC
Transcribing agency BD-RjUL
Modifying agency BD-RjUL
Language of cataloging eng
041 ## - LANGUAGE CODE
Language code of text/sound track or separate title eng
082 00 - DEWEY DECIMAL CLASSIFICATION NUMBER
Classification number 909.07
Edition number 22
Author mark and year TYC 2005
100 1# - MAIN ENTRY--PERSONAL NAME
Personal name Tyerman, Christopher.
9 (RLIN) 42608
245 14 - TITLE STATEMENT
Title The Crusades :
Remainder of title a very short introduction /
Statement of responsibility, etc. Christopher Tyerman.
260 ## - PUBLICATION, DISTRIBUTION, ETC. (IMPRINT)
Place of publication, distribution, etc. Oxford ;
-- New York :
Name of publisher, distributor, etc. Oxford University Press,
Date of publication, distribution, etc. 2004 [Reprinted 2005].
300 ## - PHYSICAL DESCRIPTION
Pagination 167 p. :
Illustrations ill., maps ;
Size 18 cm.
500 ## - GENERAL NOTE
General note Previously published as: Fighting for Christendom. 2004.
504 ## - BIBLIOGRAPHY, ETC. NOTE
Bibliography, etc Includes bibliographical references and index.
650 #0 - SUBJECT ADDED ENTRY--TOPICAL TERM
Topical term or geographic name as entry element Crusades.
9 (RLIN) 42610
856 41 - ELECTRONIC LOCATION AND ACCESS
Materials specified Table of contents only
Uniform Resource Identifier <a href="http://www.loc.gov/catdir/toc/ecip0515/2005019578.html">http://www.loc.gov/catdir/toc/ecip0515/2005019578.html</a>
Materials specified Publisher description
Uniform Resource Identifier <a href="http://www.loc.gov/catdir/enhancements/fy0635/2005019578-d.html">http://www.loc.gov/catdir/enhancements/fy0635/2005019578-d.html</a>
Materials specified Contributor biographical information
Uniform Resource Identifier <a href="http://www.loc.gov/catdir/enhancements/fy0722/2005019578-b.html">http://www.loc.gov/catdir/enhancements/fy0722/2005019578-b.html</a>
942 ## - ADDED ENTRY ELEMENTS (KOHA)
Source of classification or shelving scheme Dewey Decimal Classification
Koha item type Books
Holdings
Lost status Source of classification or shelving scheme Damaged status Not for loan Collection code Permanent Location Current Location Shelving location Date acquired Source of acquisition Cost, normal purchase price Total Checkouts Full call number Date last seen Copy number Koha item type
  Dewey Decimal Classification   Added to bundle Non-fiction Central Library, University of Rajshahi Central Library, University of Rajshahi Reading Room 07/09/2013 Associated Business cor. , Dhaka 280.00   909.07 TYC 2005 01/02/2014 C-1 Books